HDTV : High-definition television
Zapisane w:
| 1. autor: | |
|---|---|
| Format: | Książka |
| Język: | Undetermined |
| Wydane: |
Blue Ridge Summit, PA
TAB Books
1993
|
| Hasła przedmiotowe: | |
| Etykiety: |
Dodaj etykietę
Nie ma etykietki, Dołącz pierwszą etykiete!
|
| Thư viện lưu trữ: | Trung tâm Học liệu Trường Đại học Cần Thơ |
|---|
| LEADER | 00507nam a2200193Ia 4500 | ||
|---|---|---|---|
| 001 | CTU_97936 | ||
| 008 | 210402s9999 xx 000 0 und d | ||
| 082 | |a 621.388 | ||
| 082 | |b P927 | ||
| 100 | |a Prentiss, Stan | ||
| 245 | 0 | |a HDTV : | |
| 245 | 0 | |b High-definition television | |
| 245 | 0 | |c Stan Prentiss | |
| 260 | |a Blue Ridge Summit, PA | ||
| 260 | |b TAB Books | ||
| 260 | |c 1993 | ||
| 650 | |a High definition television. | ||
| 904 | |i Năm | ||
| 980 | |a Trung tâm Học liệu Trường Đại học Cần Thơ | ||